| 000 | 01129nam a22003257a 4500 | ||
|---|---|---|---|
| 003 | CHAP | ||
| 005 | 20220329140801.0 | ||
| 008 | 971013s1983 r 00010 d | ||
| 010 | _a57539 | ||
| 011 | _a58511 | ||
| 035 | _a62666 | ||
| 040 | _cCHAP | ||
| 090 | _aTesis | ||
| 100 | 0 | 0 |
_aSoule Orozco, María de Lourdes. _9108943 |
| 245 | _aEstudio descriptivo de la anaplasmosis bovina en el estado de Chiapas durante el periodo 1976-1980 | ||
| 260 |
_aMéxico, D.F. : _bEl autor, _c1983 |
||
| 300 |
_a106 h. _b: ilus. ; mapas |
||
| 502 | _aTesis (Médico Veterinario Zootecnista) -- UNAM. Fac. de Medicina Veterinaria y Zootecnia | ||
| 590 |
_aALEPH _b10 _c20130110 _lUCH01 _h1336 |
||
| 590 |
_aBATCH-UPD _b10 _c20130110 _lUCH01 _h0339 |
||
| 590 |
_aBATCH-UPD _b10 _c20130110 _lUCH01 _h1726 |
||
| 590 |
_aBATCH-UPD _b10 _c20130410 _lUCH01 _h0013 |
||
| 590 |
_aBATCH-UPD _b10 _c20130914 _lUCH01 _h0324 |
||
| 590 |
_aCONVERSION _b10 _c20130109 _lUCH01 _h1331 |
||
| 650 | 1 | 4 |
_aAnaplasmosis. _95477 |
| 650 | 1 | 4 |
_aGanado vacuno _xEnfermedades. _945460 |
| 901 | _aBK | ||
| 942 | _cTESIS | ||
| 949 |
_bBC _cTES _d-134248 _eTS1 _h17127 _i62666 _si |
||
| 999 |
_c57539 _d57539 |
||